Humanismo cristiano y nueva institucionalidad : documento de trabajo /

Salvato in:
Dettagli Bibliografici
Ente Autore: Iglesia Católica. Conferencia Episcopal de Chile. Comité Permanente
Natura: Libro
Lingua:spagnolo
Soggetti:
Tags: Aggiungi Tag
Nessun Tag, puoi essere il primo ad aggiungerne!!

MARC

LEADER 00000nam^a2200000^a^4500
001 000261458
005 20250521000000.0
009 20260310110511.983
037 |a Acervo Xavier Clavigero 
041 |a ESP 
082 |a 261. 7  |b IGL 
110 |a Iglesia Católica.  |b Conferencia Episcopal de Chile. Comité Permanente 
245 1 0 |a Humanismo cristiano y nueva institucionalidad :  |b documento de trabajo /  |c Comité Permanente de la Conferencia Episcopal de Chile. 
264 |a Santiago, Chile :  |b editorial no identificada,  |c 1978 
300 |a 103 p. 
336 |a texto  |b txt  |2 rdacontenido 
337 |a sin mediación  |b n  |2 rdamedio 
338 |a volumen  |b nc  |2 rdasoporte 
649 |a XX 
650 |a Etica Cristiana 
650 |a Etica Social 
650 |a Humanismo 
650 |a Derechos Humanos 
650 |a Seguridad Nacional 
650 |a Trabajo 
650 |a Universidades 
650 |a Educación Superior 
650 |a Cambios Sociales y Culturales 
650 |a Teología Social 
650 |a Iglesia y Problemas Sociales 
650 |a Catolicismo 
650 |a Cristianismo y Política -  |x Tema Principal 
650 |a Cristianismo y Sociedad 
650 |a Religión 
910 |a Fondo General 
920 |a Impresos - Libros 
930 |a Colección General 
905 |a 101 
901 |a 0500135681  |b IT1  |c ACC  |u 20250521 
902 |a https://opac.biblio.iteso.mx/vufind/Record/000261458